000 02097nam a2200469 a 4500
999 _c148654
_d148654
003 BLK
005 20250122133017.0
008 180410b bul|||||r ||||||| ||bul||
010 _aKNG00154878000
040 _aBLK
041 _aBUL
_cBUL
072 7 _2bullib
_aК
_xКраезнание
080 _aАлманаси. Календари. Отраслови календари се класифицират по тема с определител (059). Вж и 529
_b059
_z059
100 1 _aПармаков, Симеон Пантелеев
_d1906-1966
_9309689
139 _aПармаков, Симеон Пантелеев
_bП 22
245 1 0 _aАдресник-календар
_bРусе, Габрово, Разград и др. : Г. I -
_cСимеон Пантелеев Пармаков.
_nГ. 1
257 _aBGR
260 _aРусе
_c1936
_fРусе : печ. Русен. ехо на Славейко Петров
300 _a83 с.
_c17 см
380 _a0
500 _aКор. Браншов адресник с телефонен указател. Русе, София, Габрово, Разград
650 4 _aРусе - справочници
_9278825
651 4 _aБългария
_9241624
651 4 _aРусе
_9179462
651 4 _aГаброво
_9178735
651 4 _aРазград
_9179427
653 _aРусе
653 _aсправочници
653 _aКалендар
659 _aК
760 1 _aПармаков, Симеон Пантелеев
_d1936
_h83 с.
_tГ. 1
852 _aЦб І 12607
852 _aК 0/П 22 С
856 4 _qpdf
_i0.00
_linternal use only
_fАдресник-календар
_uhttp://185.138.176.146:18082/cgi-bin/koha/opac-retrieve-file.pl?id=3adb65c5eb35496ac215b1dcc957128f
_xebook
_zАдресник-календар
856 4 _qpdf
_i0.00
_ldisable
942 _cKNG
_n0
_s1
_02
944 _aCR
_c20.12.2013
_lВаля Йорданова
_k30558
944 _aED
_c20.12.2013
_l20.12.2013 - от С1,Р / 20.12.2013
999 _d148654
999 _d148654
999 _d148654